000 00655nam a2200289Ia 4500
005 20260324120253.0
008 008 260324s9999 xx 000 0 eng d
020 _a9780203097618
037 _aEBOOK
040 _aCRL
040 _beng
040 _cCRL
041 _2eng
041 _aeng
084 _qCRL
100 _aLarry DeGaris
_91157901
245 0 _aSports Marketing
245 2 _bA Practical Approach
260 _bTaylor and Francis
260 _c2015
365 _a
365 _b280
856 _uhttp://www.taylorfrancis.com/books/9780203097618
942 _cEBOOK
999 _c1749352
_d1749352